| 000 | 00578nam a2200229Ia 4500 | ||
|---|---|---|---|
| 008 | 160216s9999 xx 000 0 und d | ||
| 020 | _a0-13-121933-2 | ||
| 050 | _aMAIN QA 184.2 | ||
| 050 | _b.K65 2005 | ||
| 100 | _aKolman, Bernard | ||
| 245 | _aElementary linear algebra / | ||
| 245 | _cBernard Kolman, David R. Hill. | ||
| 250 | _a8th Edition | ||
| 260 | _aNew Jersey : | ||
| 260 | _bPearson Education, Inc. | ||
| 260 | _c2004 | ||
| 300 | _a628 pages : | ||
| 300 | _bill. ; | ||
| 300 | _c24 cm. | ||
| 500 | _aIncludes index. | ||
| 650 | _aAlgebras, Linear. | ||
| 999 |
_c290872 _d290872 |
||